00291nam a2200109 a 4500008004100000050001600041100001700057245007700074250001200151260000900163350000900172120416s1973 xx |||||||||||||| || u aND 1500 May aMayer, Ralph10aThe artist's handbook of materials and techniquescedited by Edwin Smith a3rd ed. c1973 a0.00